Numbers 1-10 in All Official Languages in Europe - Statistics

General Stats
  • This quiz has been taken 142 times
  • The average score is 83 of 370
Answer Stats
Countries where the language is an official one Language Number Answer English transcription % Correct
Ireland, Malta (the UK doesn't have an official language) English 1 one
99%
English 2 two
99%
English 8 eight
98%
English 5 five
98%
English 4 four
98%
English 9 nine
98%
English 7 seven
98%
English 6 six
98%
English 10 ten
98%
English 3 three
98%
Spain Spanish 1 uno
96%
Spanish 2 dos
95%
Spanish 3 tres
95%
Spanish 5 cinco
91%
Belgium, France, Luxembourg, Monaco, Switzerland French 1 un
88%
Spanish 4 cuatro
86%
Spanish 8 ocho
86%
Spanish 6 seis
83%
Spanish 9 nueve
82%
Austria, Belgium, Germany, Liechtenstein, Luxembourg, Switzerland German 1 eins
81%
Spanish 7 siete
81%
German 3 drei
80%
German 2 zwei
80%
German 5 fünf
77%
French 2 deux
76%
Spanish 10 diez
75%
French 3 trois
75%
German 8 acht
74%
French 5 cinq
74%
French 4 quatre
73%
French 6 six
73%
Italy, San Marino, Switzerland, Vatican City Italian 1 uno
73%
French 7 sept
72%
German 7 sieben
72%
French 10 dix
70%
French 9 neuf
70%
French 8 huit
69%
German 9 neun
67%
Italian 3 tre
67%
German 4 vier
67%
German 6 sechs
65%
Italian 2 due
62%
Italian 6 sei
62%
German 10 zehn
62%
Italian 8 otto
60%
Italian 5 cinque
58%
Italian 7 sette
58%
Portuguese 3 três
58%
Italian 4 quattro
57%
Italian 9 nove
55%
Portuguese 5 cinco
52%
Italian 10 dieci
52%
Portuguese 6 seis
52%
Russian 2 два dwa
51%
Portuguese 4 quatro
51%
Portugal Portuguese 1 um
51%
Russian 3 три tri
47%
Portuguese 7 sete
47%
Portuguese 9 nove
46%
Portuguese 2 dois
45%
Belgium, Netherlands Dutch 1 een
43%
Belarus, Russia Russian 1 один adin
41%
Portuguese 8 oito
40%
Portuguese 10 dez
39%
Swedish 3 tre
35%
Russian 5 пять piać
34%
Dutch 4 vier
34%
Russian 6 шесть szesć
33%
Vatican City Latin 1 unus
33%
Denmark Danish 1 en
32%
Swedish 6 sex
32%
Danish 3 tre
32%
Latin 3 tres
32%
Norway Norwegian 1 en
31%
Polish 2 dwa
30%
Dutch 2 twee
30%
Russian 7 семь sjem'
29%
Dutch 3 drie
29%
Latin 2 duo
29%
Poland Polish 1 jeden
29%
Norwegian 3 tre
29%
Dutch 8 acht
28%
Swedish 5 fem
28%
Danish 9 ni
27%
Norwegian 9 ni
27%
Danish 10 ti
27%
Swedish 10 tio
27%
Swedish 2 två
27%
Dutch 9 negen
26%
Swedish 9 nio
26%
Swedish 7 sju
26%
Norwegian 10 ti
26%
Dutch 10 tien
26%
Finland, Sweden Swedish 1 ett
25%
Danish 5 fem
25%
Norwegian 5 fem
25%
Danish 4 fire
25%
Danish 6 seks
25%
Danish 2 to
25%
Polish 3 trzy
25%
Dutch 5 vijf
25%
Swedish 8 åtta
24%
Norwegian 4 fire
24%
Latin 8 octo
24%
Norwegian 6 seks
24%
Latin 6 sex
24%
Norwegian 2 to
24%
Czech 2 dva
23%
Serbo-Croatian 2 dva
23%
Latin 7 septem
23%
Andorra Catalan 1 un
23%
Dutch 6 zes
23%
Greek 2 δύο duo
22%
Norwegian 8 åtte
22%
Latin 10 decem
22%
Latin 9 novem
22%
Norwegian 7 sju
22%
Serbo-Croatian 3 tri
22%
Russian 9 девять dziewiać
20%
Russian 10 десять dziesjać
20%
Catalan 2 dos
20%
Catalan 3 tres
20%
Ukrainian 2 два dwa
19%
Bulgarian 3 три tri
19%
Finnish 2 kaksi
19%
Finnish 3 kolme
19%
Danish 8 otte
19%
Latin 5 quinque
19%
Czech 3 tři
19%
Finland Finnish 1 yksi
19%
Greece Greek 1 ένα ena
18%
Slovak 2 dva
18%
Slovene 2 dva
18%
Polish 5 pięć
18%
Russian 4 четыре czetyrie
17%
Russian 8 восемь wosjem'
17%
Belarusian 2 два dwa
17%
Macedonian 2 две dwe
17%
Greek 3 τρία trija
17%
Greek 5 πέντε pente
17%
Greek 8 οκτώ okto
17%
Greek 10 δέκα deka
17%
Swedish 4 fyre
17%
Danish 7 syv
17%
Slovak 3 tri
17%
Slovene 3 tri
17%
Macedonian 3 три tri
16%
Catalan 5 cinc
16%
Serbo-Croatian 10 deset
16%
Romanian 2 doi
16%
Croatia, Kosovo, Montenegro, Serbia (Bosnia and Herzegovina doesn't have an official language) Serbo-Croatian 1 jedan
16%
Finnish 8 kahdeksan
16%
Finnish 10 kymmenen
16%
Finnish 4 neljä
16%
Latin 4 quattuor
16%
Finnish 7 seitsemän
16%
Finnish 5 viisi
16%
Finnish 9 yhdeksän
16%
Ukrainian 3 три try
15%
Greek 4 τέσσερα tessera
15%
Greek 6 έξι eks'i
15%
Serbo-Croatian 4 četiri
15%
Polish 4 cztery
15%
Serbo-Croatian 9 devet
15%
Hungary Hungarian 1 egy
15%
Hungarian 3 három
15%
Finnish 6 kuusi
15%
Serbo-Croatian 5 pet
15%
Serbo-Croatian 6 šest
15%
Catalan 7 set
15%
Polish 6 sześć
15%
Romanian 3 trei
15%
Moldova, Romania Romanian 1 unu
15%
Bulgarian 2 две dwe
14%
Greek 7 επτά epta
14%
Hungarian 6 hat
14%
Hungarian 4 négy
14%
Serbo-Croatian 8 osam
14%
Polish 8 osiem
14%
Hungarian 5 öt
14%
Bulgarian 9 девет dewet
13%
Bulgarian 10 десет deset
13%
Greek 9 εννέα ennea
13%
Polish 10 dziesięć
13%
Hungarian 7 hét
13%
Slovakia Slovak 1 jeden
13%
Estonian 2 kaks
13%
Hungarian 9 kilenc
13%
Slovak 6 šesť
13%
Polish 7 siedem
13%
Hungarian 10 tíz
13%
Monaco Monégasque 1 ün
13%
Bulgarian 5 пет pet
12%
Slovak 10 desať
12%
Czech 10 deset
12%
Slovak 9 deväť
12%
Czech 9 devět
12%
Polish 9 dziewięć
12%
Hungarian 2 kettő
12%
Icelandic 9 níu
12%
Romanian 8 opt
12%
Slovak 8 osem
12%
Slovak 5 päť
12%
Romanian 4 patru
12%
Czech 5 pět
12%
Catalan 4 quatre
12%
Serbo-Croatian 7 sedam
12%
Slovak 7 sedem
12%
Czech 6 šest
12%
Icelandic 10 tíu
12%
Ukrainian 5 п'ять pijać
11%
Belarusian 3 тры try
11%
Bulgarian 7 седем sedem
11%
Bulgarian 8 осем osem
11%
Icelandic 8 átta
11%
Romanian 5 cinci
11%
Slovene 10 deset
11%
Slovene 9 devet
11%
Iceland Icelandic 1 einn
11%
Czech Republic Czech 1 jedna
11%
Estonian 3 kolm
11%
Hungarian 8 nyolc
11%
Icelandic 6 sex
11%
Icelandic 2 tveir
11%
Ukraine Ukrainian 1 один odyn
10%
Bulgarian 6 шест szest
10%
Macedonian 5 пет pet
10%
Macedonian 9 девет dewet
10%
Macedonian 10 десет deset
10%
Icelandic 5 fimm
10%
Icelandic 4 fjórir
10%
Estonian 6 kuus
10%
Romanian 9 nouă
10%
Czech 8 osm
10%
Slovene 5 pet
10%
Romanian 7 șapte
10%
Romanian 6 șase
10%
Slovene 6 šest
10%
Icelandic 7 sjö
10%
Estonia Estonian 1 üks
10%
Estonian 5 viis
10%
Romanian 10 zece
10%
Bulgaria Bulgarian 1 едно edno
9%
Bulgarian 4 четири czetiri
9%
Czech 4 čtyři
9%
Luxembourg Luxembourgish 1 een
9%
Estonian 4 neli
9%
Slovene 8 osem
9%
Czech 7 sedm
9%
Estonian 7 seitse
9%
Catalan 6 sis
9%
Ukrainian 10 десять desjać
8%
Macedonian 6 шест szest
8%
Slovene 7 sedem
8%
Slovak 4 štyri
8%
Ukrainian 7 сім sim
6%
Ukrainian 8 вісім wis'im
6%
Ukrainian 9 дев'ять dewijać
6%
Lithuanian 2 du
6%
Slovenia Slovene 1 ena
6%
Estonian 8 kaheksa
6%
Estonian 10 kümme
6%
Albania, Kosovo Albanian 1 një
6%
Luxembourgish 6 sechs
6%
Estonian 9 üheksa
6%
Dutch 7 zevan
6%
Ukrainian 4 чотири czotyry
5%
North Macedonia Macedonian 1 еден eden
5%
Macedonian 4 четири czetiri
5%
Macedonian 8 осум osum
5%
Albanian 10 dhjetë
5%
Albanian 2 dy
5%
Albanian 6 gjashtë
5%
Albanian 4 katër
5%
Albanian 5 pesë
5%
Albanian 7 shtatë
5%
Slovene 4 štiri
5%
Albanian 3 tre
5%
Irish 3 trí
5%
Lithuania Lithuanian 1 vienas
5%
Latvia Latvian 1 viens
5%
Luxembourgish 2 zwee
5%
Ukrainian 6 шість szisć
4%
Belarusian 7 сем siem
4%
Macedonian 7 седум sedum
4%
Ireland Irish 1 aon
4%
Irish 5 cúig
4%
Irish 10 deich
4%
Irish 2 dhá
4%
Latvian 2 divi
4%
Lithuanian 4 keturi
4%
Irish 9 naoi
4%
Albanian 9 nëntë
4%
Catalan 9 nou
4%
Irish 8 ocht
4%
Lithuanian 5 penki
4%
Irish 6
4%
Irish 7 seacht
4%
Albanian 8 tetë
4%
Icelandic 3 þrír
4%
Latvian 3 trīs
4%
Lithuanian 3 trys
4%
Belarus Belarusian 1 адзін adzin
3%
Belarusian 8 восем wosiem
3%
Belarusian 9 дзевяць dziewjać
3%
Luxembourgish 8 aacht
3%
Latvian 8 astoņi
3%
Lithuanian 8 aštuoni
3%
Faroese 8 átta
3%
Latvian 4 četri
3%
Lithuanian 10 dešimt
3%
Latvian 10 desmit
3%
Latvian 9 deviņi
3%
Lithuanian 9 devyni
3%
Maltese 9 disgħa
3%
Luxembourgish 3 dräi
3%
Maltese 4 erbgħa
3%
Faroese 5 fimm
3%
Faroese 4 fýra
3%
Maltese 10 għaxra
3%
Maltese 5 ħamsa
3%
Latvian 5 pieci
3%
Maltese 7 sebgħa
3%
Latvian 7 septiņi
3%
Lithuanian 7 septyni
3%
Lithuanian 6 šeši
3%
Latvian 6 seši
3%
Romansh 7 set
3%
Romansh 6 sis
3%
Maltese 6 sitta
3%
Luxembourgish 7 siwen
3%
Maltese 3 tlieta
3%
Maltese 8 tmienja
3%
Maltese 2 tnejn
3%
Monégasque 3 trei
3%
Catalan 8 vuit
3%
Malta Maltese 1 wieħed
3%
Belarusian 4 чатыры czatyry
2%
Belarusian 6 шэсць szesć
2%
Belarusian 10 дзесяць dziesjać
2%
Irish 4 ceithre
2%
Catalan 10 deu
2%
Monégasque 2 dui
2%
Romansh 2 dus
2%
Faroe Island (Danish territory) Faroese 1 eitt
2%
Luxembourgish 5 fënnef
2%
Luxembourgish 9 néng
2%
Faroese 9 níggju
2%
Romansh 9 nov
2%
Monégasque 6 sei
2%
Faroese 6 seks
2%
Monégasque 7 sete
2%
Faroese 7 sjey
2%
Faroese 10 tíggju
2%
Faroese 3 trý
2%
Faroese 2 tvey
2%
Luxembourgish 4 véier
2%
Luxembourgish 10 zéng
2%
Belarusian 5 пяць pjać
1%
Monégasque 5 çinqe
1%
Monégasque 10 dèije
1%
Romansh 10 diesch
1%
Switzerland Romansh 1 in
1%
Monégasque 9 nœve
1%
Monégasque 8 œtu
1%
Romansh 8 otg
1%
Monégasque 4 qatru
1%
Romansh 4 quatter
1%
Romansh 3 trais
1%
Romansh 5 tschintg
1%
No matching quizzes found
Score Distribution
Percent of People with Each Score
Percentile by Number Answered
Your Score History
You have not taken this quiz